Vplyv zmien účtovných metód a účtovných zásad na individuálnu účtovnú závierku diplomová práca

Salvato in:
Dettagli Bibliografici
Autore principale: Hlohincová, Andrea
Ente Autore: Podnikovohospodárska fakulta EU so sídlom v Košiciach. Katedra účtovníctva a financií
Altri autori: Škultéty, Jozef
Natura: Libro
Lingua:slovacco
Pubblicazione: Košice 2008
Tags: Aggiungi Tag
Nessun Tag, puoi essere il primo ad aggiungerne!!

MARC

LEADER 00000nam$a2200000$$$4500
001 0077399
005 20240201120722.9
041 0 |a slo 
044 |a SK 
245 1 0 |a Vplyv zmien účtovných metód a účtovných zásad na individuálnu účtovnú závierku  |b diplomová práca  |c Andrea Hlohincová ; škol. Jozef Škultéty 
264 1 |a Košice  |c 2008 
300 |a 84 s. 
100 1 |a Hlohincová, Andrea 
700 1 |a Škultéty, Jozef 
710 2 |a Podnikovohospodárska fakulta EU so sídlom v Košiciach. Katedra účtovníctva a financií